|
|
|
|
| LEADER |
00752cam a2200205 7i4500 |
| 001 |
0000008262 |
| 005 |
20110107090000.0 |
| 020 |
|
|
|a 9789678912570
|
| 020 |
|
|
|a 9678912570 (pbk.)
|
| 090 |
0 |
0 |
|a KPG2400
|b .P57
|
| 110 |
1 |
|
|a Malaysia
|
| 240 |
1 |
0 |
|a Pekeliling kemajuan pentadbiran awam 1994-2001
|
| 245 |
1 |
0 |
|a Pekeliling kemajuan pentadbiran awam 1994-2001 :
|b jilid II
|c disusun oleh Lembaga Penyelidikan Undang-Undang.
|
| 260 |
|
|
|a Petaling Jaya:
|b International Law Book Services,
|c 2002-.
|
| 300 |
|
|
|a 287 p.;
|c 24 cm.
|
| 490 |
0 |
|
|a Undang-undang Malaysia
|
| 500 |
|
|
|a Library has : Hingga 25hb Jun 2002
|
| 650 |
0 |
0 |
|a Civil service --
|z Malaysia
|
| 710 |
2 |
|
|a Lembaga Penyelidikan Undang-Undang
|
| 999 |
|
|
|a 0000011778
|b BOK
|c ACTS
|e Ground Floor, Bestari Jaya
|